[Event "Olimpiada de Khanty-Mansiysk 2010"]
[Site "Khanty-Mansiysk RUS"]
[Date "2010.09.30"]
[Round "9"]
[White "Pornariyasombat, Atippat"]
[Black "Matamoros, Franco Carlos"]
[Result "0-1"]
[WhiteElo "2181"]
[BlackElo "2542"]
[PlyCount "86"]
[EventDate "2010.09.21"]
[EventType "team"]
[EventRounds "11"]
[EventCountry "RUS"]
[Source "lmi"]
[SourceDate "2010.09.21"]
[WhiteTeam "Tailandia"]
[BlackTeam "Ecuador"]
[WhiteTeamCountry "THA"]
[BlackTeamCountry "ECU"]

1. e4 e6 2. d4 d5 3. e5 c5 4. Nf3 Nc6 5. Bd3 cxd4 6. O-O f6 7. Qe2 fxe5 8. Nxe5
Nxe5 9. Qxe5 Nf6 10. Bg5 Bd6 11. Qxd4 O-O 12. c4 Qc7 13. Qh4 dxc4 14. Bc2 h6
15. Bxf6 Rxf6 16. Nc3 Bd7 17. g3 Be5 18. Rad1 Bxc3 19. bxc3 e5 20. Qe4 Bf5 21.
Qd5+ Kh8 22. Bxf5 Rxf5 23. Rb1 Rf7 24. Rb4 Rc8 25. Re1 Rd8 26. Qe4 Qc5 27. Re2
b5 28. a4 a6 29. axb5 axb5 30. Qxe5 Rd1+ 31. Kg2 Rxf2+ 32. Kh3 Qc8+ 33. Qe6
Qxe6+ 34. Rxe6 Rdd2 35. Rxb5 Rxh2+ 36. Kg4 Rd3 37. Rg6 Kh7 38. Rbb6 Rxc3 39.
Kf4 Rf2+ 40. Ke4 Rg2 41. Kf4 Rd3 42. Rbc6 c3 43. g4 c2 0-1

[Event "Olimpiada de Khanty-Mansiysk 2010"]
[Site "Khanty-Mansiysk RUS"]
[Date "2010.09.30"]
[Round "9"]
[White "Mieles Palau, Daniel"]
[Black "Pitirotjirathon, Jirapak"]
[Result "1/2-1/2"]
[WhiteElo "2422"]
[BlackElo "2299"]
[PlyCount "31"]
[EventDate "2010.09.21"]
[EventType "team"]
[EventRounds "11"]
[EventCountry "RUS"]
[Source "lmi"]
[SourceDate "2010.09.21"]
[WhiteTeam "Ecuador"]
[BlackTeam "Tailandia"]
[WhiteTeamCountry "ECU"]
[BlackTeamCountry "THA"]

1. c4 c5 2. g3 g6 3. Bg2 Bg7 4. Nf3 Nc6 5. Nc3 d6 6. O-O Nh6 7. e3 O-O 8. h3
Rb8 9. b3 a6 10. Bb2 b5 11. d3 b4 12. Na4 Bxb2 13. Nxb2 Nf5 14. d4 cxd4 15.
exd4 e5 16. dxe5 1/2-1/2

[Event "Olimpiada de Khanty-Mansiysk 2010"]
[Site "Khanty-Mansiysk RUS"]
[Date "2010.09.30"]
[Round "9"]
[White "Kongsee, Uaychai"]
[Black "Santos Flores, Alberto"]
[Result "1/2-1/2"]
[WhiteElo "2235"]
[BlackElo "2356"]
[PlyCount "138"]
[EventDate "2010.09.21"]
[EventType "team"]
[EventRounds "11"]
[EventCountry "RUS"]
[Source "lmi"]
[SourceDate "2010.09.21"]
[WhiteTeam "Tailandia"]
[BlackTeam "Ecuador"]
[WhiteTeamCountry "THA"]
[BlackTeamCountry "ECU"]

1. e4 c5 2. Nf3 d6 3. d4 cxd4 4. Nxd4 Nf6 5. Nc3 g6 6. Be3 Bg7 7. f3 Nc6 8. Qd2
O-O 9. Bc4 Bd7 10. O-O-O Rc8 11. Bb3 Ne5 12. Kb1 Nc4 13. Bxc4 Rxc4 14. g4 b5
15. b3 Rc8 16. g5 Nh5 17. Nde2 a5 18. Nd5 Be6 19. Ng3 Bxd5 20. exd5 Qc7 21.
Nxh5 gxh5 22. Rc1 Qb7 23. Rhd1 a4 24. Bd4 axb3 25. axb3 Qxd5 26. Bxg7 Qxd2 27.
Rxd2 Kxg7 28. Re1 Rc7 29. Rd5 Rb8 30. f4 b4 31. f5 Rb6 32. Re2 Kf8 33. Ra5 Rb8
34. Ra6 Rc5 35. f6 e6 36. Rxd6 Rxg5 37. Red2 Ke8 38. Rd7 Rf5 39. Re7+ Kf8 40.
Rb7 Re8 41. Rxb4 Rxf6 42. Re4 Rf1+ 43. Kb2 f5 44. Ree2 Kf7 45. c4 e5 46. c5 e4
47. c6 Ke6 48. c7 Rc8 49. Rc2 Rd1 50. Rc6+ Kd7 51. Rc5 Rxc7 52. Rxf5 Rd4 53.
Re5 Kc6 54. R5xe4 Rxe4 55. Rxe4 Rg7 56. Ka3 Rg2 57. Rh4 Rg5 58. Rc4+ Kb6 59. h3
Ra5+ 60. Ra4 Rxa4+ 61. Kxa4 h4 62. Kb4 h6 63. Kc4 Kc6 64. Kd4 Kb5 65. Ke5 Kb4
66. Kf5 Kxb3 67. Kg6 Kc4 68. Kxh6 Kd5 69. Kg5 Ke5 1/2-1/2

[Event "Olimpiada de Khanty-Mansiysk 2010"]
[Site "Khanty-Mansiysk RUS"]
[Date "2010.09.30"]
[Round "9"]
[White "Guerra Tulcan, Lenin"]
[Black "Tuamsang, Sawapop"]
[Result "1-0"]
[WhiteElo "2352"]
[BlackElo "1984"]
[PlyCount "113"]
[EventDate "2010.09.21"]
[EventType "team"]
[EventRounds "11"]
[EventCountry "RUS"]
[Source "lmi"]
[SourceDate "2010.09.21"]
[WhiteTeam "Ecuador"]
[BlackTeam "Tailandia"]
[WhiteTeamCountry "ECU"]
[BlackTeamCountry "THA"]

1. e4 c5 2. Nf3 d6 3. d4 cxd4 4. Nxd4 Nf6 5. Nc3 a6 6. Be2 e6 7. O-O Be7 8. a4
Nc6 9. Kh1 Qc7 10. f4 O-O 11. Be3 b6 12. Bf3 Bb7 13. Nb3 Nd7 14. g4 Nc5 15. Bg2
Rfd8 16. Qe2 Nb4 17. Nd4 d5 18. e5 Rac8 19. Bg1 Nc6 20. Rad1 Qd7 21. f5 Nxd4
22. Rxd4 Qc7 23. f6 Bf8 24. g5 Ne4 25. Nxe4 dxe4 26. c3 Qxe5 27. fxg7 Bxg7 28.
Rxd8+ Rxd8 29. Bxb6 Rd7 30. Be3 Qd5 31. h4 Qb3 32. a5 Qa2 33. Rd1 Rxd1+ 34.
Qxd1 Qxa5 35. h5 Qd5 36. Qe2 Be5 37. h6 Qa2 38. Qd1 Qd5 39. Qe2 Qa2 40. Qd1 Bd5
41. Qc1 a5 42. Bf4 Bh8 43. Kh2 a4 44. Qe3 Qxb2 45. Qc5 Qxc3 46. Qe7 Qc8 47. Bc7
Qf8 48. Qd7 Bc3 49. Bd6 Qa8 50. Qc7 Ba5 51. Qc1 Qd8 52. Qf4 a3 53. Kh3 a2 54.
Qe5 f6 55. gxf6 Qe8 56. Qg5+ Qg6 57. f7+ 1-0

[Event "Olimpiada de Khanty-Mansiysk 2010"]
[Site "Khanty-Mansiysk RUS"]
[Date "2010.09.30"]
[Round "9"]
[White "Luther, Thomas"]
[Black "Kobese, Watu"]
[Result "1/2-1/2"]
[WhiteElo "2545"]
[BlackElo "2370"]
[PlyCount "146"]
[EventDate "2010.09.21"]
[EventType "team"]
[EventRounds "11"]
[EventCountry "RUS"]
[Source "lmi"]
[SourceDate "2010.09.21"]
[WhiteTeam "IPC"]
[BlackTeam "Sudáfrica"]
[BlackTeamCountry "RSA"]

1. e4 e5 2. Nf3 Nc6 3. Bb5 a6 4. Ba4 Nf6 5. O-O Be7 6. Re1 b5 7. Bb3 d6 8. c3
O-O 9. h3 Na5 10. Bc2 c5 11. d4 Qc7 12. Nbd2 cxd4 13. cxd4 Nc6 14. Nb3 a5 15.
Be3 a4 16. Nbd2 Nb4 17. Bb1 a3 18. bxa3 Rxa3 19. Nb3 Be6 20. d5 Bd7 21. Qd2 Ra4
22. Rc1 Qb8 23. Ne1 Bd8 24. Qe2 Bb6 25. a3 Na6 26. Bd3 Bxe3 27. Qxe3 Qb7 28.
Qe2 Ra8 29. Rcb1 Qa7 30. Nc2 Nc7 31. Nd2 Qc5 32. Rc1 Nfe8 33. Rab1 Qa7 34. Rb3
f5 35. exf5 Nxd5 36. Bxb5 Nf4 37. Qf3 Bxb5 38. Rxb5 Qd7 39. Rcb1 Qxf5 40. Rb8
d5 41. Ne3 Qd3 42. g3 Nxh3+ 43. Kg2 Ng5 44. Qxd5+ Qxd5+ 45. Nxd5 Rxb8 46. Rxb8
Kf7 47. Nb1 Nd6 48. Ndc3 Ra6 49. a4 Ne6 50. Rb4 Nc5 51. Na3 Nd3 52. Rh4 h6 53.
Nab5 Nf5 54. Rc4 Nb2 55. Rc7+ Kg6 56. Ra7 Rxa7 57. Nxa7 Nc4 58. Kf3 Nfd6 59.
Nc6 Kf5 60. a5 Ke6 61. a6 Nb6 62. a7 Na8 63. Nb4 h5 64. Nd3 Nc8 65. Nb5 Kd5 66.
Ke3 g5 67. Nc3+ Ke6 68. Nc5+ Kf5 69. Nb5 h4 70. gxh4 gxh4 71. Kf3 Kg5 72. Ne4+
Kf5 73. Nd2 Ke6 1/2-1/2

[Event "Olimpiada de Khanty-Mansiysk 2010"]
[Site "Khanty-Mansiysk RUS"]
[Date "2010.09.30"]
[Round "9"]
[White "Steel, Henry Robert"]
[Black "Obodchuk, Andrei"]
[Result "1/2-1/2"]
[WhiteElo "2300"]
[BlackElo "2395"]
[PlyCount "71"]
[EventDate "2010.09.21"]
[EventType "team"]
[EventRounds "11"]
[EventCountry "RUS"]
[Source "lmi"]
[SourceDate "2010.09.21"]
[WhiteTeam "Sudáfrica"]
[BlackTeam "IPC"]
[WhiteTeamCountry "RSA"]

1. e4 c5 2. Nf3 Nc6 3. d4 cxd4 4. Nxd4 Nf6 5. Nc3 d6 6. Bc4 e6 7. Be3 Be7 8.
Bb3 Bd7 9. f4 O-O 10. Qe2 e5 11. Nf5 Bxf5 12. exf5 Nd4 13. Qd3 Nxb3 14. axb3 e4
15. Nxe4 Nxe4 16. Qxe4 Bh4+ 17. g3 Re8 18. Qd3 Bf6 19. O-O Bxb2 20. Ra4 Qc7 21.
Bd4 b5 22. Qxb5 Qxc2 23. Bxb2 Qxb2 24. Qd5 Qc3 25. Qd4 Qxb3 26. Rxa7 Rxa7 27.
Qxa7 Qd3 28. Qd7 Qe3+ 29. Rf2 Ra8 30. Qxd6 Ra1+ 31. Kg2 Qe4+ 32. Rf3 Ra2+ 33.
Kh3 Qxf5+ 34. g4 Qc8 35. Rd3 Ra8 36. Qd7 1/2-1/2

[Event "Olimpiada de Khanty-Mansiysk 2010"]
[Site "Khanty-Mansiysk RUS"]
[Date "2010.09.30"]
[Round "9"]
[White "Yarmonov, Igor"]
[Black "Johannes, Manyedi Mabusel"]
[Result "1/2-1/2"]
[WhiteElo "2335"]
[BlackElo "2288"]
[PlyCount "48"]
[EventDate "2010.09.21"]
[EventType "team"]
[EventRounds "11"]
[EventCountry "RUS"]
[Source "lmi"]
[SourceDate "2010.09.21"]
[WhiteTeam "IPC"]
[BlackTeam "Sudáfrica"]
[BlackTeamCountry "RSA"]

1. d4 Nf6 2. c4 e6 3. Nc3 Bb4 4. e3 O-O 5. Nge2 d5 6. a3 Bd6 7. c5 Be7 8. b4 b6
9. Bb2 c6 10. Nf4 a5 11. Nd3 Ba6 12. Be2 Nbd7 13. O-O Qc7 14. Qc2 Rfb8 15. Rfe1
Bc4 16. f3 Bf8 17. Bf1 axb4 18. axb4 Rxa1 19. Rxa1 bxc5 20. bxc5 e5 21. Bc1 g6
22. Bd2 Bg7 23. Be1 Re8 24. Bf2 Nh5 1/2-1/2

[Event "Olimpiada de Khanty-Mansiysk 2010"]
[Site "Khanty-Mansiysk RUS"]
[Date "2010.09.30"]
[Round "9"]
[White "Van den Heever, Donovan"]
[Black "Mikheev, Stanislav"]
[Result "1-0"]
[WhiteElo "2285"]
[BlackElo "2337"]
[PlyCount "123"]
[EventDate "2010.09.21"]
[EventType "team"]
[EventRounds "11"]
[EventCountry "RUS"]
[Source "lmi"]
[SourceDate "2010.09.21"]
[WhiteTeam "Sudáfrica"]
[BlackTeam "IPC"]
[WhiteTeamCountry "RSA"]

1. e4 e5 2. Nf3 Nf6 3. d4 Nxe4 4. Bd3 d5 5. dxe5 Nc5 6. Nc3 c6 7. O-O Be7 8.
Nd4 O-O 9. Be2 f6 10. f4 fxe5 11. fxe5 Ne6 12. Rxf8+ Bxf8 13. Nf3 Nd7 14. Bd3
Ndc5 15. Bf5 g6 16. Bg4 Ng7 17. Ng5 Qe7 18. Bf4 Bxg4 19. Qxg4 Nh5 20. Nf3 Qd7
21. Qh4 Ne4 22. Be3 Be7 23. Qe1 Qf5 24. Ne2 c5 25. c3 b6 26. Qd1 Rd8 27. Qa4
Qd7 28. Qxd7 Rxd7 29. Rd1 g5 30. g4 Ng7 31. Kg2 Ne6 32. c4 d4 33. Ne1 Rd8 34.
Kf3 dxe3 35. Rxd8+ Nxd8 36. Kxe4 Kf7 37. Nf3 Ke6 38. Kxe3 Nc6 39. Ke4 h6 40.
Ng3 Nb4 41. a3 Nc6 42. Nf5 Bf8 43. h4 gxh4 44. N5xh4 Be7 45. Ng6 Bg5 46. Nxg5+
hxg5 47. Nf8+ Kf7 48. Nh7 Kg6 49. Nf6 Ne7 50. Nd5 Nc6 51. e6 Na5 52. Ne3 Kf6
53. Kd5 Ke7 54. Nf5+ Kd8 55. b4 cxb4 56. axb4 Nb7 57. Kc6 a5 58. Kxb7 a4 59.
Kxb6 a3 60. Nd4 a2 61. Nc2 a1=Q 62. Nxa1 1-0

[Event "Olimpiada de Khanty-Mansiysk 2010"]
[Site "Khanty-Mansiysk RUS"]
[Date "2010.09.30"]
[Round "9"]
[White "Erikson, Roberto"]
[Black "Haddouche, Mohamed"]
[Result "0-1"]
[WhiteElo "2252"]
[BlackElo "2425"]
[PlyCount "92"]
[EventDate "2010.09.21"]
[EventType "team"]
[EventRounds "11"]
[EventCountry "RUS"]
[Source "lmi"]
[SourceDate "2010.09.21"]
[WhiteTeam "Angola"]
[BlackTeam "Argelia"]
[WhiteTeamCountry "ANG"]
[BlackTeamCountry "ALG"]

1. Nf3 Nf6 2. g3 g6 3. Bg2 Bg7 4. d4 d6 5. c4 O-O 6. Nc3 Nbd7 7. O-O e5 8. e3
Re8 9. b3 c6 10. Bb2 a6 11. Rc1 Rb8 12. b4 Qe7 13. b5 c5 14. dxe5 dxe5 15. Qb3
axb5 16. Qxb5 Ra8 17. Nd2 Ra6 18. Qb3 Nb6 19. Ba3 Rd8 20. Nd5 Nbxd5 21. cxd5 b6
22. Nc4 Qa7 23. Bb2 Nd7 24. f4 Qb8 25. fxe5 b5 26. Nd6 c4 27. Qxb5 Rxd6 28.
Qxb8 Nxb8 29. exd6 Bxb2 30. Rxc4 Ba6 31. Rb1 Bxc4 32. Rxb2 Nd7 33. e4 Ne5 34.
Rb6 Bxa2 35. Bh3 Bc4 36. d7 Nxd7 37. Rd6 Bb5 38. e5 Kf8 39. e6 Ke7 40. Rxd7+
Bxd7 41. exd7 h5 42. Kf2 f5 43. Bg2 Kd6 44. h3 Ke5 45. g4 hxg4 46. hxg4 f4 0-1

[Event "Olimpiada de Khanty-Mansiysk 2010"]
[Site "Khanty-Mansiysk RUS"]
[Date "2010.09.30"]
[Round "9"]
[White "Goutali, Tarek"]
[Black "Pascoal, Eduardo A"]
[Result "1/2-1/2"]
[WhiteElo "2261"]
[BlackElo "2205"]
[PlyCount "131"]
[EventDate "2010.09.21"]
[EventType "team"]
[EventRounds "11"]
[EventCountry "RUS"]
[Source "lmi"]
[SourceDate "2010.09.21"]
[WhiteTeam "Argelia"]
[BlackTeam "Angola"]
[WhiteTeamCountry "ALG"]
[BlackTeamCountry "ANG"]

1. e4 e6 2. d3 d5 3. Qe2 Ne7 4. Nf3 c5 5. h4 h6 6. h5 Nbc6 7. c3 b6 8. e5 Ba6
9. g3 Qc7 10. Bh3 g5 11. O-O Bg7 12. Re1 O-O-O 13. Nbd2 Rhe8 14. a3 Kb8 15. b4
c4 16. d4 Bc8 17. Nh2 Ng8 18. a4 f5 19. f3 Bf8 20. Ba3 Ka8 21. Bg2 Bb7 22. Nhf1
Rc8 23. Nh2 Kb8 24. Reb1 Ba8 25. Rc1 Qf7 26. g4 Rc7 27. Rf1 Bb7 28. Rf2 Bc8 29.
Qf1 Be7 30. Qb1 Rf8 31. Rf1 Nd8 32. Qc2 Qe8 33. Qb2 Bd7 34. b5 Bxa3 35. Qxa3
Nb7 36. Qb2 Na5 37. Qc2 Bc8 38. Rab1 Qf7 39. f4 Qg7 40. fxg5 Qxg5 41. Kh1 Rcf7
42. Ndf3 Qg7 43. Bh3 fxg4 44. Bxg4 Rf4 45. Qg6 Qh8 46. Nh4 Ne7 47. Rxf4 Rxf4
48. Qc2 Qg7 49. Ng6 Re4 50. Bf3 Re3 51. Nxe7 Qxe7 52. Qd2 Qh7 53. Qxe3 Qxb1+
54. Kg2 Nb3 55. Qxh6 Qc2+ 56. Kh3 Qxc3 57. Qf8 Nxd4 58. h6 Nf5 59. h7 Qe1 60.
Qxf5 exf5 61. h8=Q f4+ 62. Kg2 Qd2+ 63. Kg1 Qe3+ 64. Kg2 Qd2+ 65. Kg1 Qe3+ 66.
Kg2 1/2-1/2

[Event "Olimpiada de Khanty-Mansiysk 2010"]
[Site "Khanty-Mansiysk RUS"]
[Date "2010.09.30"]
[Round "9"]
[White "Domingos, Ediberto"]
[Black "Oussedik, Mahfoud"]
[Result "0-1"]
[WhiteElo "2186"]
[BlackElo "2222"]
[PlyCount "96"]
[EventDate "2010.09.21"]
[EventType "team"]
[EventRounds "11"]
[EventCountry "RUS"]
[Source "lmi"]
[SourceDate "2010.09.21"]
[WhiteTeam "Angola"]
[BlackTeam "Argelia"]
[WhiteTeamCountry "ANG"]
[BlackTeamCountry "ALG"]

1. d4 g6 2. Nf3 c5 3. e3 Bg7 4. Be2 Nf6 5. O-O O-O 6. c4 cxd4 7. exd4 d5 8. h3
Nc6 9. Nc3 dxc4 10. Bxc4 Na5 11. Be2 Be6 12. b4 Nc6 13. a3 Nd5 14. Nxd5 Qxd5
15. Be3 Rfd8 16. Rc1 Qd7 17. Qd3 Nxd4 18. Nxd4 Bxd4 19. Bxd4 Qxd4 20. Qxd4 Rxd4
21. Rc7 Rd7 22. Rfc1 Rad8 23. Bf3 b6 24. Kf1 Rxc7 25. Rxc7 Rd7 26. Rc3 Kg7 27.
Ke2 f5 28. Ke3 Kf6 29. g3 g5 30. Be2 Bd5 31. Bb5 Rd8 32. Rc7 a5 33. bxa5 bxa5
34. Ra7 Ra8 35. Rxa8 Bxa8 36. Kd4 e5+ 37. Kc5 f4 38. Kb6 fxg3 39. fxg3 e4 40.
Kxa5 e3 41. Be2 Ke5 42. Kb4 Kd4 43. a4 Be4 44. h4 Bd3 45. Bf3 gxh4 46. gxh4 e2
47. Bxe2 Bxe2 48. a5 h5 0-1

[Event "Olimpiada de Khanty-Mansiysk 2010"]
[Site "Khanty-Mansiysk RUS"]
[Date "2010.09.30"]
[Round "9"]
[White "Khelfallah, Badreddine"]
[Black "Agnelo, Amorin"]
[Result "1/2-1/2"]
[WhiteElo "2183"]
[BlackElo "2172"]
[PlyCount "36"]
[EventDate "2010.09.21"]
[EventType "team"]
[EventRounds "11"]
[EventCountry "RUS"]
[Source "lmi"]
[SourceDate "2010.09.21"]
[WhiteTeam "Argelia"]
[BlackTeam "Angola"]
[WhiteTeamCountry "ALG"]
[BlackTeamCountry "ANG"]

1. e4 c5 2. Nc3 d6 3. g3 g6 4. Bg2 Bg7 5. d3 Nc6 6. Be3 e6 7. Qd2 Nge7 8. Bh6
Bf6 9. Nge2 Ng8 10. Be3 Nd4 11. O-O Ne7 12. Bh6 Ng8 13. Bf4 a6 14. Nd1 Ne7 15.
Bh6 Ng8 16. Be3 Ne7 17. Bh6 Ng8 18. Be3 Ne7 1/2-1/2

[Event "Olimpiada de Khanty-Mansiysk 2010"]
[Site "Khanty-Mansiysk RUS"]
[Date "2010.09.30"]
[Round "9"]
[White "Kojima, Shinya"]
[Black "Olape, Olubunmi"]
[Result "1/2-1/2"]
[WhiteElo "2334"]
[BlackElo "2256"]
[PlyCount "87"]
[EventDate "2010.09.21"]
[EventType "team"]
[EventRounds "11"]
[EventCountry "RUS"]
[Source "lmi"]
[SourceDate "2010.09.21"]
[WhiteTeam "Japón"]
[BlackTeam "Nigeria"]
[WhiteTeamCountry "JPN"]
[BlackTeamCountry "NGR"]

1. e4 Nf6 2. e5 Nd5 3. d4 d6 4. Nf3 g6 5. Bc4 Nb6 6. Bb3 Bg7 7. Ng5 O-O 8. e6
fxe6 9. Nxe6 Bxe6 10. Bxe6+ Kh8 11. O-O N8d7 12. Nc3 c6 13. Ne4 Qe8 14. Re1 Nf6
15. Ng3 Nbd5 16. c3 Nc7 17. Bb3 Qd7 18. Bg5 Rae8 19. h3 e6 20. Qd2 Ng8 21. Re2
h6 22. Be3 Nd5 23. Rae1 Kh7 24. Bc2 Nge7 25. Qd3 Nf5 26. Bc1 Qf7 27. a3 b5 28.
a4 a6 29. Qd2 Nb6 30. axb5 axb5 31. b3 Nd5 32. Re4 Nf6 33. R4e2 Nd5 34. Be4 b4
35. c4 Nc3 36. Bxc6 Nxd4 37. Bxe8 Ncxe2+ 38. Nxe2 Qxf2+ 39. Kh1 Rxe8 40. Nxd4
Qxd4 41. Qxb4 Qc3 42. Qxc3 Bxc3 43. Rd1 d5 44. Bd2 1/2-1/2

[Event "Olimpiada de Khanty-Mansiysk 2010"]
[Site "Khanty-Mansiysk RUS"]
[Date "2010.09.30"]
[Round "9"]
[White "Njobvu, Ignatius"]
[Black "Lorenzana, Wilson Estuard"]
[Result "1-0"]
[WhiteElo "2217"]
[BlackElo "2206"]
[PlyCount "79"]
[EventDate "2010.09.21"]
[EventType "team"]
[EventRounds "11"]
[EventCountry "RUS"]
[Source "lmi"]
[SourceDate "2010.09.21"]
[WhiteTeam "Botswana"]
[BlackTeam "Guatemala"]
[WhiteTeamCountry "BOT"]
[BlackTeamCountry "GUA"]

1. d4 Nf6 2. c4 g6 3. Nc3 Bg7 4. g3 O-O 5. Bg2 d6 6. Nf3 Nc6 7. O-O a6 8. b3
Rb8 9. a3 e5 10. Bb2 Bf5 11. dxe5 dxe5 12. Nd5 Re8 13. Qc1 Nxd5 14. cxd5 Nd4
15. Nxd4 exd4 16. Bf3 Be4 17. Qc4 b5 18. Qc5 Bxf3 19. exf3 Re5 20. Qxd4 Qxd5
21. Qc3 Qc5 22. Qa5 Rf5 23. Bxg7 Kxg7 24. Rac1 Qb6 25. Qc3+ Kg8 26. b4 Rc8 27.
Rfd1 c5 28. g4 Rf4 29. bxc5 Qc6 30. Rd4 Rxf3 31. Qd2 Rf6 32. Rd8+ Kg7 33. Rxc8
Qxc8 34. Qd4 h6 35. c6 Qc7 36. f4 g5 37. Qe5 Qb6+ 38. Kf1 Qd8 39. c7 Qd3+ 40.
Kg1 1-0

[Event "Olimpiada de Khanty-Mansiysk 2010"]
[Site "Khanty-Mansiysk RUS"]
[Date "2010.09.30"]
[Round "9"]
[White "Cu, Hor Winston"]
[Black "Gaealafshwe, Barileng"]
[Result "1-0"]
[WhiteElo "2106"]
[BlackElo "2172"]
[PlyCount "53"]
[EventDate "2010.09.21"]
[EventType "team"]
[EventRounds "11"]
[EventCountry "RUS"]
[Source "lmi"]
[SourceDate "2010.09.21"]
[WhiteTeam "Guatemala"]
[BlackTeam "Botswana"]
[WhiteTeamCountry "GUA"]
[BlackTeamCountry "BOT"]

1. d4 d5 2. c4 e6 3. Nf3 Nf6 4. g3 c6 5. Bg2 Bd6 6. O-O Nbd7 7. Nc3 O-O 8. Re1
dxc4 9. Nd2 Nb6 10. a4 a5 11. Nde4 Nxe4 12. Nxe4 Bb4 13. Rf1 Qe7 14. Qc2 f5 15.
Ng5 e5 16. dxe5 Qxe5 17. Bf4 Qe7 18. Nf3 Bc5 19. Rfe1 Re8 20. e4 fxe4 21. Ng5
Bf5 22. Bxe4 Bxe4 23. Rxe4 Qf6 24. Rxe8+ Rxe8 25. Qxh7+ Kf8 26. Qh8+ Ke7 27.
Re1+ 1-0

[Event "Olimpiada de Khanty-Mansiysk 2010"]
[Site "Khanty-Mansiysk RUS"]
[Date "2010.09.30"]
[Round "9"]
[White "Colindres, Daniel"]
[Black "Matoewi, Roger"]
[Result "1-0"]
[WhiteElo "2233"]
[BlackElo "2151"]
[PlyCount "93"]
[EventDate "2010.09.21"]
[EventType "team"]
[EventRounds "11"]
[EventCountry "RUS"]
[Source "lmi"]
[SourceDate "2010.09.21"]
[WhiteTeam "Honduras"]
[BlackTeam "Surinam"]
[WhiteTeamCountry "HON"]
[BlackTeamCountry "SUR"]

1. d4 f5 2. Nf3 Nf6 3. g3 g6 4. b3 Bg7 5. Bb2 d5 6. Bg2 O-O 7. Nbd2 Ne4 8. c4
Nxd2 9. Qxd2 e6 10. h4 h5 11. Ne5 Kh7 12. Ba3 Rf6 13. Qd3 c6 14. Bc1 Rf8 15.
O-O Nd7 16. Bg5 Nxe5 17. dxe5 Qc7 18. f4 Rf7 19. Rac1 Qb6+ 20. Kh2 Bd7 21. Rc2
Re8 22. Rb1 Bc8 23. b4 dxc4 24. Rxc4 Rd7 25. Qc2 a6 26. a4 Rd4 27. b5 Rxc4 28.
Qxc4 a5 29. Rb3 c5 30. Rd3 Bf8 31. Bf3 Qc7 32. e3 Be7 33. Bxe7 Rxe7 34. Rd6 b6
35. Bc6 Kh6 36. Kg1 Kg7 37. Kf2 Kh6 38. e4 fxe4 39. Qxe4 Kg7 40. Qe3 Bb7 41. f5
Rf7 42. f6+ Kh7 43. Rxe6 Bxc6 44. bxc6 Qc8 45. Qb3 Rf8 46. Re7+ Kh8 47. Qe6 1-0

[Event "Olimpiada de Khanty-Mansiysk 2010"]
[Site "Khanty-Mansiysk RUS"]
[Date "2010.09.30"]
[Round "9"]
[White "Gajadin, Dewperkash"]
[Black "Urbina, Ricardo"]
[Result "1/2-1/2"]
[WhiteElo "2179"]
[BlackElo "2226"]
[PlyCount "64"]
[EventDate "2010.09.21"]
[EventType "team"]
[EventRounds "11"]
[EventCountry "RUS"]
[Source "lmi"]
[SourceDate "2010.09.21"]
[WhiteTeam "Surinam"]
[BlackTeam "Honduras"]
[WhiteTeamCountry "SUR"]
[BlackTeamCountry "HON"]

1. e4 e5 2. Nf3 Nc6 3. Bc4 Be7 4. d4 d6 5. h3 Nf6 6. Nc3 O-O 7. O-O Nxe4 8.
Nxe4 d5 9. Bxd5 Qxd5 10. Nc3 Qd6 11. dxe5 Nxe5 12. Nxe5 Qxe5 13. Re1 Qd6 14.
Nd5 Bd8 15. Bf4 Qc5 16. Re5 Qc4 17. b3 Qa6 18. Qf3 Be6 19. Rd1 Bxd5 20. Rexd5
Qxa2 21. Qd3 Bf6 22. Bxc7 Rac8 23. Rd7 h6 24. Qf5 Qa6 25. R1d3 Qa1+ 26. Rd1 Qc3
27. Ba5 Qxc2 28. Qxc2 Rxc2 29. Rxb7 Rb2 30. g3 Re8 31. Rxa7 Ree2 32. Bb6 Rxb3
1/2-1/2

[Event "Olimpiada de Khanty-Mansiysk 2010"]
[Site "Khanty-Mansiysk RUS"]
[Date "2010.09.30"]
[Round "9"]
[White "Huguet, Sergio"]
[Black "Hanoeman, Suradj"]
[Result "0-1"]
[WhiteElo "2142"]
[BlackElo "1992"]
[PlyCount "66"]
[EventDate "2010.09.21"]
[EventType "team"]
[EventRounds "11"]
[EventCountry "RUS"]
[Source "lmi"]
[SourceDate "2010.09.21"]
[WhiteTeam "Honduras"]
[BlackTeam "Surinam"]
[WhiteTeamCountry "HON"]
[BlackTeamCountry "SUR"]

1. e4 c5 2. c3 d5 3. exd5 Qxd5 4. d4 cxd4 5. cxd4 e5 6. Nf3 Nc6 7. Nc3 Bb4 8.
Bd2 Bxc3 9. Bxc3 e4 10. Ne5 Nxe5 11. dxe5 Ne7 12. Qa4+ Bd7 13. Qa3 Qe6 14. Rd1
O-O 15. Rd6 Qf5 16. Be2 e3 17. O-O Bc6 18. f4 Nd5 19. g4 Nxf4 20. Rxf4 Qxf4 21.
Be1 Qe4 22. Rxc6 bxc6 23. Bg3 Rad8 24. e6 fxe6 25. Qe7 Rde8 26. Qd7 Qd5 27.
Qxa7 Rf7 28. Qxe3 Qxa2 29. Qc3 Qd5 30. Bc4 Qd1+ 31. Kg2 Qxg4 32. Qb3 Qe4+ 33.
Kg1 Ra8 0-1

[Event "Olimpiada de Khanty-Mansiysk 2010"]
[Site "Khanty-Mansiysk RUS"]
[Date "2010.09.30"]
[Round "9"]
[White "Kantinti, Shadrack"]
[Black "Dos Santos Lima, Osvaldo"]
[Result "1/2-1/2"]
[WhiteElo "2158"]
[BlackElo "1727"]
[PlyCount "138"]
[EventDate "2010.09.21"]
[EventType "team"]
[EventRounds "11"]
[EventCountry "RUS"]
[Source "lmi"]
[SourceDate "2010.09.21"]
[WhiteTeam "Uganda"]
[BlackTeam "STP"]
[WhiteTeamCountry "UGA"]

1. e4 d6 2. d4 g6 3. f4 Bg7 4. e5 e6 5. Nf3 Ne7 6. Bd3 b6 7. Be4 d5 8. Bd3 c5
9. c3 Nbc6 10. a3 c4 11. Bc2 b5 12. Nbd2 a5 13. Nf1 Bb7 14. Ne3 Qb6 15. g4 h6
16. f5 Bf8 17. fxg6 Nxg6 18. Bxg6 fxg6 19. O-O O-O-O 20. b3 Be7 21. Rb1 Qa7 22.
bxc4 bxc4 23. Qc2 g5 24. Qg6 Kd7 25. Kg2 a4 26. Ng1 Na5 27. Rf7 Nc6 28. Ne2
Rdg8 29. Rg7 Rxg7 30. Qxg7 Re8 31. Ng3 Na5 32. Nh5 Nb3 33. Nf6+ Kd8 34. Nxe8
Kxe8 35. Qxh6 Kd7 36. Nc2 Nxc1 37. Rxc1 Qb6 38. Nb4 Bxb4 39. axb4 a3 40. Qg7+
Kc8 41. Qg8+ Kc7 42. Rf1 Qa6 43. Rf7+ Kb6 44. Qf8 Kb5 45. Qe8+ Bc6 46. Qb8+ Ka4
47. Ra7 Qxa7 48. Qxa7+ Kb3 49. Qa5 a2 50. b5 Bxb5 51. Qxb5+ Kxc3 52. Qa4 Kb2
53. Qb4+ Kc2 54. Qa5 Kb1 55. Qb6+ Kc2 56. Qxe6 a1=Q 57. Qxd5 Qc3 58. e6 Qd2+
59. Kg1 Qd1+ 60. Kf2 Qd2+ 61. Kg3 Qf4+ 62. Kh3 Qe3+ 63. Kg2 Qd2+ 64. Kg3 Qf4+
65. Kh3 Qe3+ 66. Kg2 Qd2+ 67. Kf1 Qf4+ 68. Kg1 Qe3+ 69. Kg2 Qd2+ 1/2-1/2

[Event "Olimpiada de Khanty-Mansiysk 2010"]
[Site "Khanty-Mansiysk RUS"]
[Date "2010.09.30"]
[Round "9"]
[White "Lee, Sanghoon"]
[Black "Arauz, Samuel"]
[Result "1/2-1/2"]
[WhiteElo "2146"]
[BlackElo "2146"]
[PlyCount "76"]
[EventDate "2010.09.21"]
[EventType "team"]
[EventRounds "11"]
[EventCountry "RUS"]
[Source "lmi"]
[SourceDate "2010.09.21"]
[WhiteTeam "Corea"]
[BlackTeam "TPE"]
[WhiteTeamCountry "KOR"]

1. d4 d5 2. c4 e6 3. Nf3 c6 4. g3 Bd6 5. b3 f5 6. Bg2 Nf6 7. O-O Qe7 8. a4 a5
9. Nc3 Ne4 10. Qc2 Nd7 11. Bf4 O-O 12. c5 Bb8 13. Bxb8 Rxb8 14. Rab1 e5 15.
Nxe4 fxe4 16. Nxe5 Nxe5 17. dxe5 Qxe5 18. b4 axb4 19. Rxb4 Ra8 20. Qb3 Kh8 21.
Qe3 Rd8 22. Rd1 Re8 23. h4 Ra5 24. Rc1 Rd8 25. Qd2 Qc7 26. Rd4 Bf5 27. Qg5 Rf8
28. Rb4 h6 29. Qd2 Rfa8 30. Qb2 Bc8 31. Qd4 Qb8 32. h5 Qa7 33. Qe5 Rxa4 34.
Qe8+ Kh7 35. Bxe4+ dxe4 36. Qg6+ Kg8 37. Qe8+ Kh7 38. Qg6+ Kg8 1/2-1/2